Sports Quiz

Random Sports or Canada Quiz

Canadian Football League Teams Quiz Stats

 Plays Quiz not verified by Sporcle

Challenge
Share
Tweet
Embed
Score 0/16 Timer 08:00
0 Plays Today
Hint % Correct
City/ProvinceToronto
94.4%
City/ProvinceMontreal
91.5%
City/ProvinceEdmonton
88.7%
NicknameArgonauts
87.3%
NicknameRoughriders
85.9%
City/ProvinceCalgary
84.5%
NicknameAlouettes
84.5%
City/ProvinceWinnipeg
83.1%
Hint % Correct
City/ProvinceHamilton
78.9%
NicknameEskimos
78.9%
NicknameLions
77.5%
City/ProvinceBritish Columbia
76.1%
City/ProvinceSaskatchewan
76.1%
NicknameTiger Cats
76.1%
NicknameBlue Bombers
73.2%
NicknameStampeders
71.8%

You're not logged in!

Compare scores with friends on all Sporcle quizzes.
OR
Log In

You Might Also Like...

Show Comments

Extras

Top Quizzes Today


Score Distribution

Your Account Isn't Verified!

In order to create a playlist on Sporcle, you need to verify the email address you used during registration. Go to your Sporcle Settings to finish the process.

Report this User

Report this user for behavior that violates our Community Guidelines.

Details: